Sunderland Current Squad - Statistics

General Stats
  • This quiz has been taken 601 times
  • The average score is 14 of 33
Answers on the Map
Answers color-coded by a green-red scale on the quiz's map according to % correct below.
 
Answer Stats
# Position Player Nation % Correct
34 MF Granit Xhaka
91%
22 GK Robin Roefs
75%
5 DF Daniel Ballard Northern Ireland
71%
20 DF Nordi Mukiele
64%
18 FW Wilson Isidor
64%
24 MF Simon Adingra Ivory Coast
63%
28 MF Enzo Le Fée
61%
9 FW Brian Brobbey
60%
Head Coach Régis Le Bris
57%
17 DF Reinildo Mandava
56%
32 DF Trai Hume Northern Ireland
56%
7 MF Chemsdine Talbi
54%
27 MF Noah Sadiki
50%
12 FW Eliezer Mayenda
47%
13 MF Luke O'Nien
46%
1 GK Anthony Patterson
45%
11 MF Chris Rigg
45%
26 DF Arthur Masuaku
41%
15 DF Omar Alderete Paraguay
40%
19 MF Habib Diarra
39%
25 MF Bertrand Traoré
37%
6 DF Lutsharel Geertruida
37%
4 MF Dan Neil
36%
3 DF Dennis Cirkin
33%
14 FW Romaine Mundle
33%
36 MF Ian Poveda Colombia
19%
21 GK Simon Moore
19%
33 DF Leo Hjelde
16%
42 DF Aji Alese
14%
29 FW Ahmed Abdullahi
13%
16 GK Blondy Nna Noukeu
12%
45 DF Joe Anderson
12%
41 DF Zak Johnson
11%
No matching quizzes found
Score Distribution
Percent of People with Each Score
Percentile by Number Answered
Your Score History
You have not taken this quiz